logo

Bir Sreshtho Munshi Abdur Rouf Library
Jhenaidah Cadet College

ছোটদের রোবটিকস / (Record no. 13439)

MARC details
000 -LEADER
fixed length control field 00815nam a2200253 a 4500
001 - CONTROL NUMBER
JCCL Control Number 13439
003 - CONTROL NUMBER IDENTIFIER
JCCL marc code BD-JhCC
005 - DATE AND TIME OF LATEST TRANSACTION
control field 20230924080105.0
008 - FIXED-LENGTH DATA ELEMENTS--GENERAL INFORMATION
fixed length control field 171017s2022 bg |||| ||a| 00| 0 ben d
020 ## - INTERNATIONAL STANDARD BOOK NUMBER
International Standard Book Number 9789849625230
035 ## - SYSTEM CONTROL NUMBER
system control number (BD-JhCC) 13439
040 ## - CATALOGING SOURCE
Original cataloging agency BD-JhCC
Modifying agency BD-JhCC
041 ## - LANGUAGE CODE
Language code of Book bengali
082 ## - DEWEY DECIMAL CLASSIFICATION NUMBER
Author mark and Year HAQ 2022
100 ## - MAIN ENTRY--PERSONAL NAME
Personal name হক, মোহসী
111 ## - MAIN ENTRY--MEETING NAME
Relator code যায়নাব,সালমা উম্মে
245 ## - TITLE STATEMENT
Title ছোটদের রোবটিকস /
Statement of responsibility, etc মোহসী হক, সহল ইসলাম , অর্ঘ্য অর্পণ।
260 ## - PUBLICATION, DISTRIBUTION, ETC. (IMPRINT)
Place of publication, distribution, etc ঢাকা:
Name of publisher, distributor, etc আদর্শ;
Date of publication, distribution, etc 2022.
300 ## - PHYSICAL DESCRIPTION
Pagination 174 p. :
Dimensions 22 cm.
651 ## - SUBJECT ADDED ENTRY--GEOGRAPHIC NAME
Geographic name Robotics
700 ## - ADDED ENTRY--PERSONAL NAME
Personal name ইসলাম, সহল
700 ## - ADDED ENTRY--PERSONAL NAME
Personal name অর্পণ,অর্ঘ্য
942 ## - ADDED ENTRY ELEMENTS (KOHA)
Source of classification or shelving scheme Dewey Decimal Classification
Koha item type Books
Holdings
Source of classification or shelving scheme Damaged status Not for loan Home library Current library Shelving location Date of accession Cost, normal purchase price Full call number Barcode Date last seen Copy number Method of acquisition Koha item type Currency
Dewey Decimal Classification     JCC Rouf Library JCC Rouf Library General Stacks 09/18/2023 252.00 629.892 HAQ 2022 18425 09/18/2023 C-1 Purchase Books BDT

JCC Library | Contacts | JCC Home

Last Update on 23 September 2017
Copyright @ 2017-2020 JCC Rouf Library
Rouf Library, Jhenidah Cadet College (JCC), Bangladesh